=LDR 00000nam 2200000 4500 =001 INLIS000000000025769 =005 20130612124244 =008 ***********************************ind** =035 ##$$0010-061300000025769 =041 ##$$a ind =082 ##$$a 666.609 598 53 =090 ##$$a 666.609 598 53, MCK v =100 ##$$a McKinnon, Jean =245 ##$$a Vessels of Life, Lombok earthenware, Jean McKinnon =260 ##$$a 1996 $b Denpansar =300 ##$$a 154 hlm., 30 cm =850 ##$$a NBPNMAT